| 000 | 00981nac a22002411u 4500 | ||
|---|---|---|---|
| 020 | _a0727716387 | ||
| 082 |
_a363.60285 _bR6431 |
||
| 090 |
_c4048 _d4048 |
||
| 100 | _a20080729 | ||
| 245 |
_aAdvanced Technology in water management: _bProceedings of the conference organized by the Institiution of civil engineers and held in london on 27-28 November 1990 / _cEdited by k. F. Roberts |
||
| 260 |
_aLondon: _bThomas Telford,1991 _c1991 |
||
| 300 |
_a257p.; _c23cm. |
||
| 650 | _awater management | ||
| 650 | _aadvanced technology | ||
| 650 | _acivil engineers | ||
| 650 | _awater supply | ||
| 700 | _aRoberts, K. F. | ||
| 710 | _aInstitution of civil engineers | ||
| 710 | _aInstitution of Water and Environmental Management | ||
| 710 | _a International Water Supply Association. | ||
| 942 |
_cBB _k363.60285R6431 |
||
| 999 |
_c4048 _d4048 |
||